00823nam a22002057a 450000500170000001000150001702000270003203500140005903700090007308200140008210000310009624500850012725000060021226000420021830000190026050001350027994200280041499900190044295201560046120250103163346.0 aENG-143182 a9789356223660c1095.00 aEN-126714 bDBAD a346.54066 aSinghania, Vinod K.975840 aTaxmann's Insolvency and Bankruptcy Code with Rules and Regulations/bBy Taxmann a6 aNew DelhibTaxmann Publicationsc2022 avpp.c24cm(Pb) aAmended, Updated & Annotated text of the IBC with 15+ Rules/Regulations, Notifications, RBI Directions, etc. (Paperback, Taxmann) 2ddccENh346.54066mINS c208037d208037 001040718NFICaMPbMPd2025-01-03eDelivery of Books Divisiong1095.00l0o346.54066 INSpEN-126714r2025-01-03 00:00:00t1v1095.00w2025-01-03yEN